000 00677nas a2200253 4500
001 BR9603623
003 BR-BrBNA
005 20231205094812.0
007 ta
008 230509b bl.|||p| |||| 00| 00por d
040 _aBR-BrBNA
_bpor
_cBiblioteca Nacional de Agricultura
041 _a(Pt)
072 _aL73
100 1 _aRibeiro, O.J.
245 1 _aDuas doencas comuns no gado
650 _aBovino
650 _aColibacilose
650 _aParatifo
650 _aDoenca Animal
650 _aProfilaxia
773 0 _tBalde Branco (Brazil)
_xISSN 0005-4275
_g(Nov 1973), no. 109 p. 27
_wBR9603623
909 _a202311
_bLúcia
_c55
_dLúcia Elande
942 _2AGRIS
_n0
_cANA
999 _c146936
_d146936